000 00692nam a22002177a 4500
005 20231010142855.0
008 230508b |||||||| |||| 00| 0 eng d
020 _a9780263936988
040 _aCBULib
_cCBULib
041 _aeng
050 _aSF 523.82 May
100 _aMay, Meredith
245 _aThe honey bus : a memoir of loss, courage and a girl saved by bees
_c/ by Meredith May
260 _aLondon,
_bHQ,
_c2019
300 _a323 pages
650 _2Library of Congress
_aWOMEN BEEKEEPERS--UNITED STATES--BIOGRAPHY
650 _2Library of Congress
_aBEE CULTURE--SOCIAL ASPECTS--UNITED STATES
650 _2OCLC
_aWOMEN JOURNALISTS
650 _2OCLC
_aHONEYBEE
942 _c002
999 _c78283
_d78283